000 00790nac a22002051u 4500
010 _a2003020604
020 _a0763732303
082 0 0 _a006.3
_bC7855
090 _c646
_d646
100 _aCoppin, Ben.
245 1 0 _aArtificial intelligence illuminated /
_cBen Coppin.
250 _a1st ed.
260 _aBoston :
_bJones and Bartlett Publishers,
_cc2004.
300 _axxv, 739 p. :
_bill. ;
_c23 cm.
504 _aIncludes bibliographical references (p. [697]-718) and index.
650 0 _aArtificial intelligence.
856 4 1 _3Table of contents
_uhttp://www.loc.gov/catdir/toc/ecip049/2003020604.html
942 _cBB
_k006.3C7855
999 _c646
_d646